| 000 | 01079nam a22003377a 4500 | ||
|---|---|---|---|
| 001 | BR6800127 | ||
| 003 | BR-BrBNA | ||
| 005 | 20230928083508.0 | ||
| 007 | ta | ||
| 008 | 230509b bl.||||| |||| 00| 0 por d | ||
| 040 |
_aBR-BrBNA _bpor _cBiblioteca Nacional de Agricultura |
||
| 041 | _a(Por) | ||
| 072 |
_aP10 _b/G514 |
||
| 090 | _ P10 BR6800127 | ||
| 110 | 1 |
_aSuperintendencia do Vale do Sao Francisco, Aracaju, SE (Brasil) _910218 |
|
| 245 | 1 |
_aReconhecimento dos recursos hidraulicos e de solos da bacia do rio Sao Francisco [Recurso energetico; Energia eletrica; Energia hidraulica; Barragem; Irrigacao; Brasil] _bv. 4 |
|
| 260 | 3 |
_aAracaju, SE (Brasil): _c[nd]. |
|
| 300 | _a66 p. | ||
| 500 | _a13 tables.; 17 tables; Published after 1967 | ||
| 650 | _aRecurso natural | ||
| 650 | _aAgua | ||
| 650 | _aRecurso energetico | ||
| 650 | _aEnergia eletrica | ||
| 650 | _aEnergia hidraulica | ||
| 650 | _aBacia hidrografica | ||
| 650 | _aBarragem | ||
| 650 | _aIrrigacao | ||
| 650 | _aSao Francisco | ||
| 909 |
_a202309 _bLucia _c55 _dLucia Elande |
||
| 942 | _cBK | ||
| 999 |
_c13799 _d13799 |
||